Forgotten Realms Cities - Statistics

General Stats
  • This quiz has been taken 95 times
  • The average score is 6 of 16
Answer Stats
Races Also Known As Description Famous ruler(s) Answer % Correct
64% Humans, 10% Dwarves, 10% Elves City of Splendors, Crown of the North The most important and influential city in the North and perhaps in all Faerûn Lords of Waterdeep Waterdeep
89%
Mostly Humans The Gate Metropolis and city-state on the Sword Coast Council of Four Baldur's Gate
81%
Mostly Humans Jewel of the North, City of Skilled Hands Metropolis of the Northwest Faerûn Lord Nasher Alagondar Neverwinter
68%
Mostly Humans City of Sails Large Port city in the Sword Coast The Five High Captains Luskan
41%
41% Humans, 29% Elves, 12% Half-Elves, 10% Dwarves Gem of the North Capital of the Silver Marches High Lady Alustriel Silverhand Silverymoon
38%
89% Dwarves, 7% Svirfneblin Dwarven Stronghold recaptured by Bruennor Battlehammer Gandalug Battlehammer Mithral Hall
37%
Mostly Humans (each city with its own name) Loose confederation of localized fishing villages in Icewind Dale Cassius, Jensin Brent, Muldoon, Regis Ten Towns
37%
95% Humans City of Glory, City of Slaves Capital city of Calimshan and by far the largest in Faerûn (noone known) Calimport
30%
90% Dwarves - Largest Dwarven Citadel King Harbromm Citadel Adbar
25%
90% Humans City of Coin Capital city of Amn Shadow Thieves Athkatla
23%
Humans and Dwarves - Mining city of great wealth Marchion Elastul Raurym Mirabar
22%
84% Humans, 12% Half-Orcs Thargate Keep Once the most powerful city in the Moonsea region The Zhentarim Zhentil Keep
22%
Mostly Dwarves Citadel of Many Arrows Dwarven Citadel King Emerus Warcrown Citadel Felbarr
19%
54% Humans - 33% Dwarves - Large city Master Helm Dwarf-Friend Sundabar
13%
Orcs and Half-Orcs - Capital of the Kingdom of Many-Arrows King Obould Many-Arrows Dark Arrow Keep
11%
90% Humans, Velarsdale , Halvan's Dale The oldest of the surviving Dalelands The Seven Burghers Harrowdale
6%
No matching quizzes found
Score Distribution
Percent of People with Each Score
Percentile by Number Answered
Your Score History
You have not taken this quiz